日立の生産革命 : MST生産システムの全貌

保存先:
書誌詳細
団体著者: 日本能率協会
フォーマット: 図書
言語:Undetermined
出版事項: 東京 日本能率協会 1982
主題:
タグ: タグ追加
タグなし, このレコードへの初めてのタグを付けませんか!
Thư viện lưu trữ: Trung tâm Học liệu Trường Đại học Cần Thơ
LEADER 00522nam a2200193Ia 4500
001 CTU_87669
008 210402s9999 xx 000 0 und d
082 |a 658.5 
082 |b N726 
110 |a 日本能率協会 
245 0 |a 日立の生産革命 : 
245 0 |b MST生産システムの全貌 
245 0 |c 日本能率協会 
260 |a 東京 
260 |b 日本能率協会 
260 |c 1982 
650 |a Production management 
904 |i Ngoc 
980 |a Trung tâm Học liệu Trường Đại học Cần Thơ